000 01653nam a2200277 a 4500
001 000026414
003 OCoLC
005 20251022115608.0
008 081112s1999 dr abc 000 0 spa d
040 _aDO-SdBNP
_bspa
_cBNPHU
049 _aBNPD
082 _a917
_bC719g
100 1 _aColón, Juan,
_d1962-
_9863
245 1 0 _aGeografía e historia de América y de los pueblos del Caribe /
_cJuan Colón.
260 _aSanto Domingo :
_bEditora Educando
_bSecretaría de Estado de Educación,
_c1999.
300 _a216 p. :
_bil., map., retrs. ;
_c27 cm.
505 0 _aUnidad 1. El continente americano -- Unidad 2. Culturas clásicas americanas y caribeñas -- Unidad 3. La Colonización Europea -- Unidad 4. Movimientos emancipadores e integracionistas de América -- Unidad 5. Formación de nuevas naciones en el Caribe. Guerra hispanoamericana. Injerencia e intervención de Estados Unidos en América Central y las Antillas -- Unidad 6. Diversidad histórico-Social del continente americano -- Unidad 7. Desarrollo económico, tecnológico y cultural, así como problemas demográficos y subdesarrollo de los pueblos de América hoy -- Unidad 8. Recursos de América y del Caribe -- Unidad 9. El Proceso de urbanización en América. Relaciones políticas, económicas y culturales.
650 4 _aGeografía
_9864
651 4 _aAmérica
_xHistoria
_9865
651 0 _aCaribe (Región)
_xDescripciones Y Viajes
_987401
651 4 _aAmérica
_xDescripciones Y Viajes
_9867
651 4 _aAmérica
_xCondiciones Económicas
_9868
651 4 _aAmérica
_xAspectos Sociales
_9869
651 4 _aAmérica
_xAspectos Políticos
_9870
942 _2ddc
_cLBS1
999 _c25906
_d25906